000 00529nam a2200181Ia 4500
005 20250326124200.0
008 250326s9999 xx 000 0 und d
037 _aTextbook
040 _aFMSL
_beng
_cFMSL
041 _aeng
_2eng
084 _aX:5.1 L0;2
_qFMSL
100 _aWeinstein A K
_9736924
245 0 _aCase studies in international marketing
_cWeinstein A K; Fargher K H F
260 _aLondon
_bLondon, Edward Arnold
_c1970
300 _a210p
942 _cTB
_hX:5.1 L0;2
999 _c1272619
_d1272619